ბათუმის შოთა რუსთაველის სახელმწიფო უნივერსიტეტის ბიბლიოთეკა

სამშენებლო მექანიკა. ნ.1. (ბიბ.ჩანაწერი № 35427)

000 -LEADER
fixed length control field 00837nam a2200241Ia 4500
001 - CONTROL NUMBER
control field 1284
003 - CONTROL NUMBER IDENTIFIER
control field GE_BSU
008 - FIXED-LENGTH DATA ELEMENTS--GENERAL INFORMATION
fixed length control field 181216s||||||||xx |||||||||||||| ||und||
020 ## - INTERNATIONAL STANDARD BOOK NUMBER
International Standard Book Number 5505005705
040 ## - CATALOGING SOURCE
Transcribing agency GE_BSU
080 ## - UNIVERSAL DECIMAL CLASSIFICATION NUMBER
Universal Decimal Classification number 624.04(075.32)
100 ## - MAIN ENTRY--PERSONAL NAME
Personal name ლაითაძე, ლ.
245 ## - TITLE STATEMENT
Title სამშენებლო მექანიკა. ნ.1.
245 ## - TITLE STATEMENT
Remainder of title თეორიული მექანიკა. სახელმძღვანელო ტექნიკუმებისათვის.
260 ## - PUBLICATION, DISTRIBUTION, ETC.
Place of publication, distribution, etc. თბილისი
260 ## - PUBLICATION, DISTRIBUTION, ETC.
Name of publisher, distributor, etc. განათლება
260 ## - PUBLICATION, DISTRIBUTION, ETC.
Date of publication, distribution, etc. 1988
300 ## - PHYSICAL DESCRIPTION
Extent 496 გვ. 21 სმ.
653 ## - INDEX TERM--UNCONTROLLED
Uncontrolled term თეორიული მექანიკა.
653 ## - INDEX TERM--UNCONTROLLED
Uncontrolled term სამშენებლო მექანიკა.
942 ## - ADDED ENTRY ELEMENTS (KOHA)
Koha item type წიგნი
ეგზემპლარები
Withdrawn status Lost status Damaged status Not for loan Date acquired Barcode Date last seen Price effective from Koha item type
        2018-12-17 2753 2018-12-17 2018-12-17 წიგნი